Gaming Quiz

Random Gaming Quiz
Score 0/8 Timer 03:00
0 Plays Today
Hint Answer % Correct
2016/2017/2018/2019s1mple
99.8%
2018/2019Electronic
92.8%
2013Edward
82.7%
2015/2016flamie
79.3%
2013markeloff
77.7%
2017Adren
76.7%
2013Dosia
70%
2017Hobbit
67%
Remove Ads.
Support Sporcle.
Get the best of Sporcle when you Go Orange. This ad-free experience offers more features, more stats, and more fun while also helping to support Sporcle. Thank you for becoming a member.

You're not logged in!

Compare scores with friends on all Sporcle quizzes.
OR
Log In

Show Comments

Extras

Created Dec 3, 2020ReportNominate
Tags:203

Top Quizzes Today


Score Distribution

Your Account Isn't Verified!

In order to create a playlist on Sporcle, you need to verify the email address you used during registration. Go to your Sporcle Settings to finish the process.

Report this User

Report this user for behavior that violates our Community Guidelines.

Details: